Pentatonix - Cant Help Falling In Love - Statistics

General Stats
  • This quiz has been taken 349 times
    334 since last reset
  • The average score is 96 of 112
Answer Stats
Answer % Correct
I
100%
In
99%
Cant
98%
Falling
98%
Help
98%
Love
98%
With
97%
A
96%
You
96%
Men
92%
Only
92%
Say
91%
But
90%
Fools
90%
To
90%
Wise
90%
Be
86%
It
84%
So
84%
The
84%
River
82%
Rush
82%
Like
81%
Sea
79%
Flows
78%
My
76%
Some
76%
Meant
75%
Take
75%
Darling
74%
Hand
74%
Are
73%
Life
73%
Too
73%
Whole
73%
Goes
72%
Things
71%
Sin
69%
Stay
68%
Would
68%
Shall
64%
Surely
64%
If
52%
For
48%
No matching quizzes found
Score Distribution
Percent of People with Each Score
Percentile by Number Answered
Your Score History
You have not taken this quiz since the last reset